Prácticas de química orgánica / (Record no. 112533)

MARC details
000 -LEADER
campo de control de longitud fija 00853nam a2200217 4500
001 - NÚMERO DE CONTROL
campo de control 112533
003 - IDENTIFICADOR DE NÚMERO DE CONTROL
campo de control ES-MaACL
005 - FECHA Y HORA DE LA ÚLTIMA TRANSACCIÓN
campo de control 20250815113043.0
007 - CAMPO FIJO DE DESCRIPCIÓN FÍSICA--INFORMACIÓN GENERAL
campo de control de longitud fija t|
008 - DATOS DE LONGITUD FIJA--INFORMACIÓN GENERAL
campo de control de longitud fija 061121s1934 sp r ||||1| spa d
100 1# - ENTRADA PRINCIPAL--NOMBRE DE PERSONA
Nombre de persona Orthner, Ludwig.
9 (RLIN) 87524
245 10 - MENCIÓN DEL TÍTULO
Título Prácticas de química orgánica /
Mención de responsabilidad, etc. por el Dr. Phil. Ludwig Orthner y el Dr. Ing. Ludwig Reichel ; traducción de la segunda edición alemana por César Pi-Suñer Bayo ; prólogo del Dr. Obdulio Fernández.
260 ## - PUBLICACIÓN, DISTRIBUCIÓN, ETC.
Lugar de publicación, distribución, etc. Barcelona :
Nombre del editor, distribuidor, etc. Labor,
Fecha de publicación, distribución, etc. 1934 (
Fabricante Tall. Gráf. Ibero-Americanos)
300 ## - DESCRIPCIÓN FÍSICA
Extensión XIV, 269 p. :
Otras características físicas il. ;
Dimensiones 23 cm.
650 #7 - PUNTO DE ACCESO ADICIONAL DE MATERIA--TÉRMINO DE MATERIA
Término de materia o nombre geográfico como elemento de entrada Química orgánica
Fuente del encabezamiento o término embne
9 (RLIN) 136799
700 1# - ENTRADA AGREGADA--NOMBRE PERSONAL
Nombre de persona Reichel, Ludwig.
9 (RLIN) 95957
700 1# - ENTRADA AGREGADA--NOMBRE PERSONAL
Nombre de persona Pi Suñer Bayo, César.
9 (RLIN) 91729
700 1# - ENTRADA AGREGADA--NOMBRE PERSONAL
Nombre de persona Fernández y Rodríguez, Obdulio,
Fechas asociadas al nombre 1883-1982
9 (RLIN) 50192
852 ## - LOCALIZACIÓN
Ubicación ES-MaACL
Número de control de estantería B-10751
Holdings
Estatus retirado Estado de pérdida Estado de daño No para préstamo Biblioteca de origen Biblioteca actual Ubicación en estantería Fecha de adquisición Fuente de adquisición Total de préstamos Signatura topográfica completa Código de barras Visto por última vez Precio de reemplazo Tipo de ítem Koha
        Biblioteca del Ateneo de Madrid Biblioteca del Ateneo de Madrid Sala Pardo Bazán 17/01/2008     B-10751 1117385 23/02/2023 23/02/2023 Libro impreso